02333njm a2200493 i 4500001000700000003000900007005001700016007001500033008004100048015001000089017005000099020001800149035002200167035002100189040002900210100004100239240002500280245008600305260004000391264001100431300005100442336004000493337002000533338002400553490005100577500001800628511022500646518004100871520038200912650002401294655001501318700008301333700003401416700002201450700004101472700002901513700003101542700002601573700004001599700003601639710002901675710002601704852010901730196108ES-MaACL20250904042301.0sd*fsngnnmmned240209s2007 sp opn d / ita  aSON07 aM 25699-2007bOficina Depósito Legal Madrid a9788496832657 a(OCoLC)1004297498 a(SpMaBN)a4580561 aSpMaBNbspacSpMaBNerdc1 aRossini, Gioachino, d1792-1868ednr1 aL'italiana in Algeri12aL'italiana in Algeri /cRossini ; libreto de Angelo Anelli h[Grabación sonora] aMadrid :bPrisa Innova, cD.L. 2007 a©2007 a2 discos (CD Audio) + e1 libro (76 páginas) 2rdacontentamúsica (interpretada) 2rdamediaaaudio 2rdacarrieravolumen1 aLos clásicos de la ópera, 400 años ;v29 aRemasterizado1 aLucia Valentini-Terrani, Ugo Benelli, Sesto Bruscantini, Enzo Dara, Norma Palacios-Rossi, Gigliola Caputi, Alfredo Mariotti ; Coro de la Ópera Estatal de Dresde ; Staatskapelle Dresden ; Gary Bertini, director musical. aGrabado en Dresde en febrero de 1978 aL'italiana in Algeri no hace nada para disimular su condición de disparate puro, de locura sin tapujos. El público del estreno, el 22 de mayo de 1813 en Venecia, aplaudió a más no poder y la calurosa acogida impuso definitivamente al joven compositor. Stendhal se refirió a la obra como "una locura organizada y completa, que hace olvidar toda la tristeza del mundo". 7aÓperas-vLibretos 7aLibretos21 aAnelli, Angelo, d1761-1820- tL'italiana in Algeri- lEspañol-Italianoelbt1 aValentini-Terrani, Luciaeprf1 aBenelli, Ugoeprf1 aBruscantini, Sesto, d1919-2003eprf1 aDara, Enzo, d1938-eprf1 aPalacios-Rossi, Normaeprf1 aCaputi, Gigliolaeprf1 aMariotti, Alfredo, d1932-2009eprf1 aBertini, Gary, d1927-2005emsd2 aDresdner Staatsopernchor2 aStaatskapelle Dresden aES-MaACLbR.155042cDEPOJjN-9824hDonación: Miren FernándezxEncuadernación cartonépVolumen 29